01142nam a2200193 450000500170000000800410001702000180005808200150007610000130009124500790010426000370018330000160022050000510023652001370028752004460042465000340087065000290090465000150093320251122120109.0251122b |||||||| |||| 00| 0 eng d a9780349146485 a338.88 DOU aDou, Eva aHouse of huawei:binside the secret world of China's most powerful company aNew York:bAbacus books;cc2025. axlii, 406p. aIncludes bibliographical references and index. aThe untold story of the mysterious company that shook the world. Shortlisted for the Financial Times Business Book of the Year 2025. aIn House of Huawei, Washington Post technology reporter Eva Dou pieces together a remarkable portrait of Huawei's reclusive founder Ren Zhengfei and how he built a sprawling corporate empire - one whose rise Western policymakers have become increasingly obsessed with halting. The book dissects the global web of power, money, influence, surveillance, bloodshed and national glory that Huawei helped to build - and that has also ensnared it. aInternational business- China aTelecommunication- China aManagement